| 000 | 00381nam a22001457a 4500 | ||
|---|---|---|---|
| 003 | OSt | ||
| 005 | 20250802151315.0 | ||
| 008 | 250802b |||||||| |||| 00| 0 eng d | ||
| 040 | _cIIMT COLLEGE OF ENGINEERING,GREATER NOIDA | ||
| 100 | _aPAREEK,UDAI | ||
| 245 | _aUNDERSTANDING ORGANIZATIONAL BEHAVIOUR | ||
| 260 |
_aNEW DELHI _bOXFORD _c2016 |
||
| 300 | _a687 | ||
| 942 |
_2ddc _c02 _e4 |
||
| 999 |
_c65889 _d65889 |
||